| 000 | 01974nam0a2200421 4500 | ||
|---|---|---|---|
| 001 | RU\NLR\BIBL_A\012906002 | ||
| 005 | 20250624221602.0 | ||
| 010 |
_a978-5-389-16540-3 _93000 |
||
| 021 |
_aRU _b2022-55811 _9КН-П-4842 |
||
| 035 | _a(RuMoRGB)011184449 | ||
| 035 | _a(NLR Aleph) 012906002 | ||
| 090 |
_a12597994 _c12597994 |
||
| 100 | _a20221011d2022 |||y0rusy50 ca | ||
| 101 | 1 |
_arus _ceng |
|
| 102 | _aRU | ||
| 105 | _aa z 001zy | ||
| 181 | 0 |
_ai _baxxe |
|
| 182 | 0 | _an | |
| 200 | 1 |
_aМечта маленького гурмана _eполезные вкусняшки для детей от 6 месяцев до 6 лет _e[более 100 спасительных рецептов для родителей, которые ничего не успевают] _fЭлли Гонт, Джессика Битон и Сара Бакл _gперевод с английского О.А. Лисенковой |
|
| 203 |
_aТекст _bвизуальный _cнепосредственный |
||
| 210 |
_aМосква _cКоЛибри _cАзбука-Аттикус _d2022 |
||
| 215 |
_a275 с. _cцв. ил. _d28 |
||
| 300 | _aЗагл. и авт. ориг.: One handed cooks / Allie Caunt, Jessica Beaton and Sarah Buckle | ||
| 320 | _aУказ. рецептов: с. 274-275 | ||
| 333 | _a16+ | ||
| 454 | 0 |
_12001#$aOne handed cooks$fAllie Caunt, Jessica Beaton and Buckle _1700#1$aCaunt$bA.$gAllie _1701#1$aBeaton$bJ.$gJessica _1701#1$aBuckle$bS.$gSarah _tOne handed cooks _aCaunt, Allie |
|
| 606 | 1 |
_aДетская кухня _9944505 _3RU\NLR\AUTH\66350030 |
|
| 606 | 1 |
_aДети раннего возраста _xПитание _91303313 _3RU\NLR\AUTH\66222730 |
|
| 675 |
_a641.562 _v4 |
||
| 686 | 1 | _aЛ996.3 | |
| 686 | 1 | _aР128.91-37 | |
| 700 | 1 |
_aГонт _bЭ. _gЭлли |
|
| 701 | 1 |
_aБитон _bД. _gДжессика _4220 |
|
| 701 | 1 |
_aБакл _bС. _gСара |
|
| 942 | _cBOOK | ||
| 980 | _aNB | ||